Chronofarmakológia

Bibliographic Details
Main Author: Mornár, Juraj S. (Author)
Format: Article
Language:Slovak
PhysicalDescription:Tb. 3. Res. rus., angl., lit. 18 zázn. v slov., angl., nem., franc.
Subjects:

MARC

LEADER 00000nab a2200000 a 4500
001 vtls000189834
003 SK-MaSNL
005 20260302213056.0
008 220422c1982 xo 0 slo
015 |a SNBRA19rr/mm-uuuuu 
035 |a CL0199947 
040 |a SNKBUCL  |b slo  |c SNKBUCL  |e AACR2 
041 0 |a slo 
044 |a xo  |c SK 
080 |a 615.015.15-015.4  |2 1981 
100 1 |a Mornár, Juraj S.  |4 aut  |9 938516 
245 1 0 |a Chronofarmakológia  |c Juraj S. Mornár 
300 |b Tb. 3. Res. rus., angl., lit. 18 zázn. v slov., angl., nem., franc. 
650 0 7 |a chronofarmakológia  |2 snkbucl  |9 938517 
650 0 7 |a lieky  |2 snkbucl  |9 2515 
655 7 |a články zo zborníkov  |2 snkbucl  |9 166140 
773 0 |t Zborník Lekárskej fakulty Košice. Zväzok 40. Roč. 25/1982  |d Košice : SPN, 1982  |g S. 333-342 
850 |a Slovenská národná knižnica v Martine  |a MTA001 
852 |a SNK  |b KIS3GCP 
958 |a NB 
958 |a RK 
958 |a ME 
992 |a RZB 
999 |c 1492049  |d 1493979